书目信息 |
| 题名: |
第三届中国环境与发展国际合作委员会第二次会议文件汇编
|
|
| 作者: | ;中国环境与发展国际合作委员会 编 | |
| 分册: | ||
| 出版信息: | 北京 中国环境科学出版社 2004.07 |
|
| 页数: | 385页 | |
| 开本: | 26cm | |
| 丛书名: | ||
| 单 册: | ||
| 中图分类: | X-12:H31 | |
| 科图分类: | ||
| 主题词: | 环境保护--huan jing bao hu--中国--会议资料--英文 , 环境保护--huan jing bao hu , 安全科学--an quan ke xue , 劳动保护--lao dong bao hu , 环境科学--huan jing ke xue | |
| 电子资源: | ||
| ISBN: | 7-80163-929-4 | |
| 000 | 01566nam0 2200361 450 | |
| 000 | 01648nam0 2200385 450 | |
| 000 | 01611nam0 2200373 450 | |
| 000 | 01474nam0 2200313 450 | |
| 000 | 01455nam0 2200313 450 | |
| 000 | 01416nam0 2200301 450 | |
| 000 | 01379nam0 2200289 45 | |
| 001 | CAL 012006037097 | |
| 005 | 20120326154519.64 | |
| 010 | @a7-80163-929-4@dCNY15.00 | |
| 100 | @a20050527d2004 em y0chiy0121 ea | |
| 101 | 0 | @aeng@gchi |
| 102 | @aCN@b110000 | |
| 105 | @af z 000yy | |
| 200 | 1 | @a第三届中国环境与发展国际合作委员会第二次会议文件汇编@Adi san jie zhong guo huan jing yu fa zhan guo ji he zuo wei yuan hui di er ci hui yi wen jian hui bian@d= Proceeding The 2nd Meeting of the 3rd Phase of China Council for International Cooperation on Environment and Development@f中国环境与发展国际合作委员会编@zeng |
| 210 | @a北京@c中国环境科学出版社@d2004.07 | |
| 215 | @a385页@c图@d26cm | |
| 300 | @a据在版编目(CIP)数据著录 | |
| 304 | @a并列题名中2nd和3rd中的nd、rd为上角标 | |
| 510 | 1 | @aProceeding The 2nd Meeting of the 3rd Phase of China Council for International Cooperation on Environment and Development@zeng |
| 606 | 0 | @a环境保护@Ahuan jing bao hu@y中国@j会议资料@j英文 |
| 606 | 0 | @a环境保护@Ahuan jing bao hu |
| 606 | 0 | @a安全科学@Aan quan ke xue |
| 606 | 0 | @a劳动保护@Alao dong bao hu |
| 606 | 0 | @a环境科学@Ahuan jing ke xue |
| 690 | @aX-12:H31@v4 | |
| 711 | 02 | @a中国环境与发展国际合作委员会@Azhong guo huan jing yu fa zhan guo ji he zuo wei yuan hui@4编 |
| 801 | 0 | @aCN@c20061026 |
| 905 | @a10447@dX-12:H31@eZ558 | |
| 第三届中国环境与发展国际合作委员会第二次会议文件汇编= Proceeding The 2nd Meeting of the 3rd Phase of China Council for International Cooperation on Environment and Development/中国环境与发展国际合作委员会编.-北京:中国环境科学出版社,2004.07 |
| 385页:图;26cm |
| 据在版编目(CIP)数据著录 |
| ISBN 7-80163-929-4:CNY15.00 |
| ● |
| 相关链接 |
|
|
|
正题名:第三届中国环境与发展国际合作委员会第二次
索取号:X-12:H31/Z558
 
预约/预借
| 序号 | 登录号 | 条形码 | 馆藏地/架位号 | 状态 | 备注 |
| 1 | 630374 | 206303748 | 自科库501/501自科库 61排1列1层/ [索取号:X-12:H31/Z558] | 在馆 | |
| 2 | 630375 | 206303757 | 自科库501/501自科库 61排1列1层/ [索取号:X-12:H31/Z558] | 在馆 |